000
00357nam a2200157Ia 4500
003
OSt
005
20240215122744.0
008
170524s9999 xx 000 0 und d
020
_a
978 1 138 55212 8.
040
_c
IIMT UNIVERSITY
100
_a
VAN HENK T
100
_c
2012
245
0
_a
COMMUNICATION IN ORGANIZATIONS
260
_a
TMH
942
_2
ddc
_c
01
999
_c
2892
_d
2892